000 00537nam a22002057a 4500
003 OSt
005 20140310181910.0
008 130712t xxu||||| |||| 00| 0 eng d
020 _a075130994
050 _aTK 5105.875
_b.C776 2000
082 _aTR 004.02E
_bC78 2000
245 _aGetting connected /
_cBrian Cooper.
260 _aLondon :
_bDorling Kindersley,
_cc2000.
300 _a72 p. :
_bcol. ill. ;
_c18 cm.
520 _a1. Internet.
521 _aFaculty
541 _j1
562 _e1
942 _2lcc
_cBK-TR
_kTR
999 _c6459
_d6459